[Event "Roveredo op"]
[Site "Roveredo"]
[Date "2020.03.06"]
[Round "1"]
[White "Dorofeev, Arseniy"]
[Black "Paleologu, Vladimir"]
[Result "0-1"]
[WhiteElo "1358"]
[BlackElo "2113"]
[PlyCount "66"]
[EventDate "2020.03.06"]
[EventType "swiss"]
[EventRounds "5"]
[EventCountry "SUI"]
[SourceTitle "CBM 195 Extra"]
[Source "ChessBase"]
[SourceDate "2020.05.31"]
[SourceVersion "1"]
[SourceVersionDate "2020.05.31"]
[SourceQuality "1"]

1. e4 d6 2. d4 Nf6 3. Nc3 Nbd7 4. Nf3 e5 5. Bc4 Be7 6. 0-0 c6 7. d5 Nc5 8. Nd2 b5 9. Bb3 b4 10. Ne2 Nxb3 11. Nxb3 c5 12. f3 Ba6 13. Be3 Bc4 14. Nd2 Bb5 15. c4 bxc3 16. bxc3 Qa5 17. c4 Ba4 18. Nb3 Qa6 19. Qd3 0-0 20. Rfc1 Rab8 21. Nc3 Bd7 22. Rcb1 Rb4 23. a3 Qxc4 24. Qxc4 Rxc4 25. Rc1 Bd8 26. Nd2 Rd4 27. Bxd4 exd4 28. Ne2 Bb5 29. Nc4 Nd7 30. a4 Ba6 31. Ng3 Bg5 32. Rc2 d3 33. Rc3 Bf6 0-1

[Event "Dvorkovich Memorial op"]
[Site "Taganrog"]
[Date "2016.01.26"]
[Round "9.37"]
[White "Dorofeev, Arseniy"]
[Black "Kuprin, Alexander"]
[Result "0-1"]
[WhiteElo "1353"]
[BlackElo "1590"]
[PlyCount "39"]
[EventDate "2016.01.18"]
[EventType "swiss"]
[EventRounds "9"]
[EventCountry "RUS"]
[SourceTitle "EXT 2018"]
[Source "ChessBase"]
[SourceDate "2017.10.13"]
[SourceVersion "1"]
[SourceVersionDate "2017.10.13"]
[SourceQuality "1"]

1. e4 e6 2. d4 d5 3. exd5 exd5 4. Bd3 c5 5. c3 Nc6 6. Nf3 Nf6 7. Bg5 Be7 8. 0-0 0-0 9. Bxf6 Bxf6 10. dxc5 Bg4 11. h3 Bh5 12. Re1 d4 13. Be4 Bg6 14. Bxc6 bxc6 15. cxd4 Rb8 16. b3 Rb4 17. a3 Rb7 18. Ra2 Rd7 19. Rd2 Re8 20. Nc3 0-1

[Event "Dvorkovich Memorial op"]
[Site "Taganrog"]
[Date "2016.01.22"]
[Round "5.35"]
[White "Arkhipenko, Denis"]
[Black "Dorofeev, Arseniy"]
[Result "1-0"]
[WhiteElo "1757"]
[BlackElo "1353"]
[PlyCount "109"]
[EventDate "2016.01.18"]
[EventType "swiss"]
[EventRounds "9"]
[EventCountry "RUS"]
[SourceTitle "EXT 2018"]
[Source "ChessBase"]
[SourceDate "2017.10.13"]
[SourceVersion "1"]
[SourceVersionDate "2017.10.13"]
[SourceQuality "1"]

1. d4 Nf6 2. Bf4 c5 3. e3 d5 4. c3 e6 5. Nd2 Nc6 6. Bd3 Be7 7. h3 Bd7 8. Ngf3 0-0 9. Ne5 Rc8 10. Qf3 h6 11. h4 h5 12. Qg3 Kh8 13. Bg5 c4 14. Bc2 g6 15. Bh6 Nxe5 16. Bxf8 Neg4 17. Bxe7 Qxe7 18. Qf4 Kg7 19. 0-0-0 b5 20. a3 a5 21. Rdf1 b4 22. Nb1 e5 23. dxe5 Nxe5 24. Qd4 b3 25. Bd1 Nd3+ 26. Kd2 Kh7 27. f3 Kg8 28. Bxb3 Rb8 29. Bc2 Rxb2 30. Kd1 Ba4 31. Bxa4 Rxb1+ 32. Kd2 Rb2+ 33. Bc2 Kg7 34. Ra1 Qb7 35. Rhb1 Qb3 36. Rxb2 Qxb2 37. Rb1 Qxa3 38. Bxd3 cxd3 39. Kxd3 Qa2 40. Rb6 Qc4+ 41. Qxc4 dxc4+ 42. Kxc4 a4 43. Ra6 Nd7 44. Kd4 Kf8 45. Rxa4 Ke7 46. Ra7 Kd6 47. Rxd7+ Kxd7 48. c4 f6 49. f4 Kd6 50. c5+ Kc6 51. e4 Kc7 52. Kd5 Kd7 53. c6+ Kc7 54. Ke6 Kxc6 55. Kxf6 1-0